Fußballer: Fünf Spieler, wo haben alle fünf gespielt? (Teil 5) - Statistiken

Allgemein
  • Dieses Quiz wurde 284 mal gespielt
  • Das Durchschnittsergebnis liegt bei 9 aus 20
Antwortstatistiken
Spieler 1 Spieler 2 Spieler 3 Spieler 4 Spieler 5 Verein % Korrekt
Dani Ceballos David Odonkor Joaquin Marc Bartra Giovani Lo Celso Betis Sevilla
89%
Ben White Deniz Undav Leandro Trossard Marc Cucurella Alexis Mac Allister Brighton & Hove Albion
72%
Leandro Paredes Hulk Axel Witsel Ezequiel Garay Martin Skrtel Zenit St Petersburg
72%
Marouane Fellaini Romelu Lukaku Wayne Rooney Lucas Digne Davy Klaassen Everton
70%
Guido Burgstaller Yusuf Demir Andreas Ivanschitz Florian Kainz Terrence Boyd Rapid Wien
58%
Marvin Compper Diego Demme Rani Khedira Ante Rebic Anthony Jung RB Leipzig
58%
Markus Brzenska Timo Rost Nils Petersen Leonardo Bittencourt Gerhard Tremmel Energie Cottbus
54%
Santi Cazorla Willy Caballero Isco Nacho Monreal Martin Demichelis Malaga
53%
Aleksandar Dragovic Andriy Shevchenko Andriy Yarmolenko Kakhaber Kaladze Admir Mehmedi Dynamo Kiew
52%
Pascal Köpke Martin Männel Clemens Fandrich Jan Hochscheidt Rene Klingbeil Erzgebirge Aue
49%
Helmut Rahn Felix Götze Willi "Ente" Lippens Thomas Eisfeld Felix Bastians RW Essen
43%
Kevin Großkreutz Thomas Bröker Marco Reus Lars Toborg Deniz Naki RW Ahlen
42%
Bixente Lizarazu Zinédine Zidane Yoann Gourcuff Sylvain Wiltord Johan Micoud Girondins Bordeaux
39%
Wilfried Gnonto Akakia Gogia Marc Hornschuh Ricardo Rodríguez Admir Mehmedi FC Zürich
37%
Nordi Mukiele Olivier Giroud Jonas Omlin Younès Belhanda Éric Cantona Montpellier
37%
Milan Skriniar Skhodran Mustafi Patrik Schick Lucas Torreira Mauro Icardi Sampdoria Genua
35%
Ailton Dejan Stanković Marko Marin Aleksandar Dragovic Marko Pantelić Roter Stern Belgrad
32%
Elias Kachunga Christopher Schindler Chris Löwe Abdelhamid Sabiri Jonas Lössl Huddersfield
27%
Márcio Amoroso Allan Stephen Appiah Fabio Quagliarella Alexis Sanchez Udinese Calcio
22%
Emmanuel Krontiris Salvatore Gambino Ervin Skela Du-Ri Cha Anel Dzaka TuS Koblenz
7%
Keine übereinstimmenden Quizze gefunden
Verteilung der Resultate
Anzahl Personen mit jedem Resultat
Perzentil nach korrekt beantworteten Fragen
Ihre Resultats-Entwicklung
Sie haben dieses Quiz noch nicht gespielt